Apparent Places of Fundamental Stars 1976 : Containing the 1535 stars in the Fourth Fundamental Catalogue (FK 4)

Uložené v:
Podrobná bibliografia
Médium: Kniha
Jazyk:English
Vydavateľské údaje: Heidelberg : Astronomisches Rechen-Institut, 1974
Tagy: Pridať tag
Žiadne tagy, Buďte prvý, kto otaguje tento záznam!

MARC

LEADER 00000nam a22000003a 4500
001 stu195325
005 20150408182607.3
008 091102s1974----ge------------------eng-d
040 |a STU  |b slo 
041 0 |a eng 
044 |a ge 
080 |a 528.2 
245 |a Apparent Places of Fundamental Stars 1976 :  |b Containing the 1535 stars in the Fourth Fundamental Catalogue (FK 4) 
260 |a Heidelberg :  |b Astronomisches Rechen-Institut,  |c 1974 
300 |a 510 s 
996 |c V*9381/O-1841  |l VV3  |s P  |a 0  |w stu195325_0001